Castello Branco : (Record no. 8170)

MARC details
000 -LEADER
campo de control de longitud fija 00509nam a2200181 4500
001 - NÚMERO DE CONTROL
campo de control 25225
005 - FECHA Y HORA DE LA ÚLTIMA TRANSACCIÓN
campo de control 20230404125948.0
008 - DATOS DE LONGITUD FIJA--INFORMACIÓN GENERAL
campo de control de longitud fija 060907n1978 dr spa
020 ## - NÚMERO INTERNACIONAL ESTÁNDAR DEL LIBRO
Número Internacional Estándar del Libro 0890960437
035 ## - NÚMERO DE CONTROL DEL SISTEMA
-- funglode25416
041 ## - CÓDIGO DE IDIOMA
Código de lengua del texto/banda sonora o título independiente EN
050 14 - SIGNATURA TOPOGRÁFICA DE LA BIBLIOTECA DEL CONGRESO
Número de clasificación 103 F 2538.22 D883c 1978
100 ## - ENTRADA PRINCIPAL--NOMBRE DE PERSONA
Nombre de persona Dulles, John W. F.
245 1# - MENCIÓN DEL TÍTULO
Título Castello Branco :
Resto del título the making of a brazilian president /
Mención de responsabilidad, etc. John W. F. Dulles
260 ## - PUBLICACIÓN, DISTRIBUCIÓN, ETC.
Lugar de publicación, distribución, etc. Texas :
Nombre del editor, distribuidor, etc. AEM. University Press,
Fecha de publicación, distribución, etc. 1978
300 ## - DESCRIPCIÓN FÍSICA
Extensión xxi, 487 p.
942 ## - ELEMENTOS DE ENTRADA SECUNDARIOS (KOHA)
Fuente del sistema de clasificación o colocación Clasificación de Library of Congress
Tipo de ítem Koha
Holdings
Estatus retirado Estado de pérdida Fuente del sistema de clasificación o colocación Estado de daño No para préstamo Colección Biblioteca de origen Biblioteca actual Ubicación en estantería Fecha de adquisición Serial enumeration / chronology Total checkouts Signatura topográfica completa Código de barras Visto por última vez Precio de reemplazo Tipo de ítem Koha
    Clasificación de Library of Congress     Recursos Regionales Biblioteca Juan Bosch Biblioteca Juan Bosch Recursos Regionales (2do. Piso) 23/10/2018 1   103 F 2538.22 D883c 1978 00000026313 23/10/2018 23/10/2018